Анализ применения современных методов неразрушающего контроля при диагностическом обследовании электросетевого оборудования; Электроэнергия: от получения и распределения до эффективного использования

Dades bibliogràfiques
Parent link:Электроэнергия: от получения и распределения до эффективного использования.— 2006.— С. 145-147
Autor principal: Мастерова О. А.
Idioma:rus
Publicat: 2006
Matèries:
Format: MixedMaterials Capítol de llibre
KOHA link:https://koha.lib.tpu.ru/cgi-bin/koha/opac-detail.pl?biblionumber=109454

MARC

LEADER 00000naa2a2200000 4500
001 109454
005 20231031120024.0
035 |a (RuTPU)RU\TPU\book\118179 
090 |a 109454 
100 |a 20070208d2006 k y0rusy50 ca 
101 0 |a rus 
102 |a RU 
200 1 |a Анализ применения современных методов неразрушающего контроля при диагностическом обследовании электросетевого оборудования  |f О. А. Мастерова 
463 0 |0 (RuTPU)RU\TPU\book\111464  |y 5-94621-086-6  |t Электроэнергия: от получения и распределения до эффективного использования  |o материалы Всероссийской научно-технической конференции, 17-19 мая 2006 г., Томск  |f Томский политехнический университет; Московский энергетический институт (технический университет); под ред. Б. И. Кудрина  |v С. 145-147  |d 2006  |p 162 с. 
610 1 |a неразрушающий контроль 
610 1 |a диагностика 
610 1 |a электросети 
610 1 |a электросетевое оборудование 
610 1 |a электроэнергетическое оборудование 
610 1 |a техническая диагностика 
610 1 |a труды учёных ТПУ 
700 1 |a Мастерова  |b О. А. 
801 1 |a RU  |b 63413507  |c 20070208  |g PSBO 
801 2 |a RU  |b 63413507  |c 20070924  |g PSBO 
942 |c BK